000 00275nam a22001217a 4500
999 _c153879
_d153879
082 _a
_b
100 _aRajarajavarma
245 _aSri vakmiki/
_cby Rajarajavarma
260 _aThiruvanthapuram:
_bKerala University,
_c2011.
300 _a331p.
650 _a
942 _cBK